000 00262nam a2200097Ia 4500
008 170620s9999 xx 000 0 und d
100 _aSrivastava -Abhay Kumar
245 0 _aSarir Vyayam Kriyatmak Vigan Evam Krida Chikitsa
260 _bMaharastra;Amit Book
260 _c2002
300 _a108
999 _c27829
_d27829